| 000 | 00556nam a22001937a 4500 | ||
|---|---|---|---|
| 003 | OSt | ||
| 005 | 20180116183106.0 | ||
| 008 | 170803b xxu||||| |||| 00| 0 eng d | ||
| 020 | _a0 | ||
| 040 | _c0 | ||
| 082 | _a332.1 INS 1983 | ||
| 100 | _aThe Institute of Bankers in Pakistan | ||
| 110 | _aThe Institute of Bankers in Pakistan | ||
| 245 |
_aPasban e Bankari _cThe Institute of Bankers in Pakistan |
||
| 260 |
_aPakistan _bIdeal Printing Press _c1983 |
||
| 300 |
_a141p. _bHB |
||
| 440 | _aPasban e Bankari | ||
| 942 |
_2ddc _cBK _k332.1 INS 1983 |
||
| 999 |
_c352054 _d352054 |
||